Central Library OPAC University of Rajshahi

John Galsworthy / (Record no. 63711)

MARC details
000 -LEADER
fixed length control field 00762nam a2200253 a 4500
001 - CONTROL NUMBER
control field 63711
003 - CONTROL NUMBER IDENTIFIER
rucl marc code BD-RjUL
005 - DATE AND TIME OF LATEST TRANSACTION
control field 20211209081227.0
008 - FIXED-LENGTH DATA ELEMENTS--GENERAL INFORMATION
fixed length control field 170202s1968 enkac b 000 0beng d
035 ## - SYSTEM CONTROL NUMBER
System control number (BD-RjUL)63840
040 ## - CATALOGING SOURCE
Original cataloging agency BD-RjUL
Language of cataloging BD-RjUL
Modifying agency eng
Transcribing agency BD-RjUL
041 ## - LANGUAGE CODE
Language code of text/sound track or separate title eng
082 00 - DEWEY DECIMAL CLASSIFICATION NUMBER
Classification number 823.912
Edition number 23
Author mark and year HOJ 1968
100 1# - MAIN ENTRY--PERSONAL NAME
Personal name Holloway, David.
9 (RLIN) 189179
245 10 - TITLE STATEMENT
Title John Galsworthy /
Statement of responsibility, etc. David Holloway
260 ## - PUBLICATION, DISTRIBUTION, ETC. (IMPRINT)
Place of publication, distribution, etc. London :
Name of publisher, distributor, etc. Morgan-Grampian Books,
Date of publication, distribution, etc. C1968.
300 ## - PHYSICAL DESCRIPTION
Pagination 92 p. :
Illustrations ill. ;
Size 22 cm.
490 0# - SERIES STATEMENT
Series statement International profiles
504 ## - BIBLIOGRAPHY, ETC. NOTE
Bibliography, etc Bibliography: p. 92.
600 10 - SUBJECT ADDED ENTRY--PERSONAL NAME
Personal name Galsworthy, John,
Dates associated with a name 1867-1933.
650 #0 - SUBJECT ADDED ENTRY--TOPICAL TERM
Topical term or geographic name as entry element Novelists, English
Chronological subdivision 20th century
General subdivision Biography.
9 (RLIN) 187171
856 ## - ELECTRONIC LOCATION AND ACCESS
Materials specified International profiles
942 ## - ADDED ENTRY ELEMENTS (KOHA)
Source of classification or shelving scheme Dewey Decimal Classification
Koha item type Books
Holdings
Lost status Source of classification or shelving scheme Damaged status Not for loan Collection code Permanent Location Current Location Shelving location Date acquired Source of acquisition Cost, normal purchase price Total Checkouts Full call number Date last seen Copy number Koha item type
  Dewey Decimal Classification   Not For Loan Non-fiction Central Library, University of Rajshahi Central Library, University of Rajshahi Reading Room 12/09/1973 Standard Pub. Ltd. 18.75   823 HOJ 1968 02/02/2017 C-1 Books